Cómo se Gestó ? el Conflicto de la UNISON (Record no. 64428)
[ view plain ]
| 000 -CABECERA | |
|---|---|
| campo de control de longitud fija | 00503nam a2200181 a 4500 |
| 005 - FECHA Y HORA DE LA ÚLTIMA TRANSACCIÓN | |
| campo de control | 20210223123816.0 |
| 008 - ELEMENTOS DE LONGITUD FIJA--INFORMACIÓN GENERAL | |
| campo de control de longitud fija | 991125n 000 0 spa u |
| 035 ## - NÚMERO DE CONTROL DEL SISTEMA | |
| Número de control de sistema | UPN01000068223 |
| 100 1# - ASIENTO PRINCIPAL--NOMBRE PERSONAL | |
| Nombre de persona | Rodríguez Jiménez, José Raúl |
| 9 (RLIN) | 38355 |
| 222 #0 - TÍTULO CLAVE | |
| Título clave | UNIVERSIDAD FUTURA |
| 245 00 - MENCIÓN DE TÍTULO | |
| Título | Cómo se Gestó ? el Conflicto de la UNISON |
| 300 ## - DESCRIPCIÓN FÍSICA | |
| Extensión | 49-54 |
| 362 0# - FECHAS DE PUBLICACIÓN Y/O DESIGNACIÓN SECUENCIAL | |
| Fecha de publicación y/o designación secuencial | 1992 Vol.4, no.10 |
| 653 0# - TERMINO DE INDIZACION - NO CONTROLADO | |
| Término no controlado | EDUCACION SUPERIOR |
| 653 0# - TERMINO DE INDIZACION - NO CONTROLADO | |
| Término no controlado | INSTITUCIONES EDUCATIVAS |
| 904 ## - ELEMENTOS DE DATOS D LOCAL, LDD (RLIN) | |
| a | AC |
| b | 006034 |
| 905 ## - TIPO DE MATERIAL | |
| Tipo de material | Articulo |
No items available.
